Vízia vytvorenia cezhraničného bankového dohľadu na báze modelu vedúceho dohľadu

Diskusia o riešení usporiadania dohľadu je permanentná a priebežné dohody vedú k postupnej úprave existujúcich pravidiel či organizácie dohľadu. Diskusie mnohokrát zaznamenali snahy či tlaky pre čoraz väčšiu kumuláciu dohliadacích aktivít do menšieho počtu subjektov pre dohľad bankových skupín alebo...

Descrizione completa

Salvato in:
Dettagli Bibliografici
Autore principale: Petianová, Mária
Natura: Capitolo di libro
Lingua:slovacco
Soggetti:
Tags: Aggiungi Tag
Nessun Tag, puoi essere il primo ad aggiungerne!!

MARC

LEADER 00000nla$a2200000$$$4500
001 0116942
005 20221207081634.5
041 0 |a slo 
044 |a SK 
245 1 0 |a Vízia vytvorenia cezhraničného bankového dohľadu na báze modelu vedúceho dohľadu  |c Mária Petianová 
520 |a Diskusia o riešení usporiadania dohľadu je permanentná a priebežné dohody vedú k postupnej úprave existujúcich pravidiel či organizácie dohľadu. Diskusie mnohokrát zaznamenali snahy či tlaky pre čoraz väčšiu kumuláciu dohliadacích aktivít do menšieho počtu subjektov pre dohľad bankových skupín alebo finančných trhov. Centralizácia bola aj predmetom návrhov pre vytvorenie cezhraničného bankového dohľadu na báze modelu vedúceho dohľadu. 
610 2 0 |a bankovníctvo 
610 2 0 |a banky 
610 2 0 |a dohľad bankový 
610 2 0 |a centralizácia 
610 2 0 |a modely 
610 2 0 |a spolupráca medzinárodná 
610 2 0 |a Európska únia 
100 1 |a Petianová, Mária